Periódicos, folletos y hojas políticas del siglo XIX ingresados en la Hemeroteca Municipal (Record no. 79021)

MARC details
000 -LEADER
campo de control de longitud fija 01006nam a2200241 i 4500
001 - NÚMERO DE CONTROL
campo de control 79021
003 - IDENTIFICADOR DE NÚMERO DE CONTROL
campo de control ES-MaACL
005 - FECHA Y HORA DE LA ÚLTIMA TRANSACCIÓN
campo de control 20250626193829.0
007 - CAMPO FIJO DE DESCRIPCIÓN FÍSICA--INFORMACIÓN GENERAL
campo de control de longitud fija t|
008 - DATOS DE LONGITUD FIJA--INFORMACIÓN GENERAL
campo de control de longitud fija 041019s1944 sp c |||| | spa d
110 2# - ENTRADA PRINCIPAL--NOMBRE DE ENTIDAD CORPORATIVA
Nombre de entidad corporativa o nombre de jurisdicción como elemento de entrada Hemeroteca Municipal de Madrid.
9 (RLIN) 4560
245 10 - MENCIÓN DEL TÍTULO
Título Periódicos, folletos y hojas políticas del siglo XIX ingresados en la Hemeroteca Municipal
Resto del título : (1941-1944) /
Mención de responsabilidad, etc. E.V.H.
260 ## - PUBLICACIÓN, DISTRIBUCIÓN, ETC.
Lugar de publicación, distribución, etc. Madrid :
Nombre del editor, distribuidor, etc. Sección de Cultura e Información,
Fecha de publicación, distribución, etc. 1944 (
Fabricante Artes Gráf. Municipales)
300 ## - DESCRIPCIÓN FÍSICA
Extensión 29 p. ;
Dimensiones 24 cm.
595 ## -
-- Separata de: Revista de la Biblioteca, Archivo y Museo, Año XIII, n. 50 (jul. 1944)
610 24 - PUNTO DE ACCESO ADICIONAL DE MATERIA--NOMBRE DE ENTIDAD CORPORATIVA
Nombre de entidad corporativa o nombre de jurisdicción como elemento de entrada Hemeroteca Municipal de Madrid-
Subdivisión de forma Catálogos.
9 (RLIN) 4561
650 #4 - PUNTO DE ACCESO ADICIONAL DE MATERIA--TÉRMINO DE MATERIA
Término de materia o nombre geográfico como elemento de entrada Publicaciones periódicas-
Subdivisión geográfica Hemeroteca Municipal de Madrid-
Subdivisión de forma Catálogos.
9 (RLIN) 141345
651 #7 - PUNTO DE ACCESO ADICIONAL DE MATERIA--NOMBRE GEOGRÁFICO
Nombre geográfico España-
Subdivisión general Política y gobierno-
Subdivisión cronológica S.XIX
Fuente del encabezamiento o término
9 (RLIN) 161744
700 1# - ENTRADA AGREGADA--NOMBRE PERSONAL
Nombre de persona Varela Hervías, Eulogio.
9 (RLIN) 113159
852 ## - LOCALIZACIÓN
Ubicación ES-MaACL
Número de control de estantería 1668-F-24
852 ## - LOCALIZACIÓN
Ubicación ES-MaACL
Número de control de estantería 1861-F-14
Holdings
Estatus retirado Estado de pérdida Estado de daño No para préstamo Colección Biblioteca de origen Biblioteca actual Ubicación en estantería Fecha de adquisición Fuente de adquisición Total de préstamos Signatura topográfica completa Código de barras Visto por última vez Precio de reemplazo Tipo de ítem Koha
        Colección de folletos Biblioteca del Ateneo de Madrid Biblioteca del Ateneo de Madrid Depósito folletos 17/01/2008     1861-F-14 1082642 23/02/2023 23/02/2023 Folleto
        Colección de folletos Biblioteca del Ateneo de Madrid Biblioteca del Ateneo de Madrid Depósito folletos 17/01/2008     1668-F-24 1082641 23/02/2023 23/02/2023 Folleto